01162cam a2200301 a 45000010009000000050017000090080041000260100015000670200018000820200015001000400064001150820022001791000036002012450135002372500012003722600058003843000030004425000025004725040033004976500043005306500024005736530025005976550024006227000032006469420022006789990017007009520143007171645845320201128021147.0100914s2010 xxuk frb 001 0 eng d a2010282201 a9780230612310 a0230612318 aUKMcUKMdBTCTAdBAKERdYDXCPdC#PdBWXdVP@dDLCdEG-ScBUE00a332.0424222bCOH1 a Cohan, Peter S.,d1957-93692310aCapital rising :bhow capital flows are changing business systems all over the world /cby Peter S. Cohan and U. Srinivasa Rangan. a1st ed. aNew York, United States :bPalgrave Macmillan,c2010. a268 p. :bforms ;c25 cm. aIndex : p. 255-268.  aBibliography : p. [235]-253. 0aCapital movementsvCase studies936924 0aGlobalization92820 bBUSADMcDecember2014 vreading book9342321 aRangan, U. Srinivasa936925 2ddck332.0424 COH c18775d18747 00102ddc40708BaccahaMAINbMAINc1STd2014-12-15epurchaseg182.00h20677l0o332.0424 COHp000037172r2025-07-15 00:00:00v227.50yBB